<?xml version="1.0" encoding="UTF-8"?>
<record
    xmlns:xsi="http://www.w3.org/2001/XMLSchema-instance"
    xsi:schemaLocation="http://www.loc.gov/MARC21/slim http://www.loc.gov/standards/marcxml/schema/MARC21slim.xsd"
    xmlns="http://www.loc.gov/MARC21/slim">

  <leader>02621nab a2200289uuc4500</leader>
  <controlfield tag="001">1491457</controlfield>
  <controlfield tag="005">20240903091729.0</controlfield>
  <controlfield tag="008">180417e20170705                    spa  </controlfield>
  <datafield tag="035" ind1=" " ind2=" ">
    <subfield code="a">1491457</subfield>
  </datafield>
  <datafield tag="040" ind1=" " ind2=" ">
    <subfield code="c">comduadb</subfield>
  </datafield>
  <datafield tag="041" ind1=" " ind2=" ">
    <subfield code="a">spa</subfield>
  </datafield>
  <datafield tag="100" ind1="1" ind2="0">
    <subfield code="a">Guerrero Arag&#xF3;n, Sandra Catalina</subfield>
    <subfield code="4">aut</subfield>
    <subfield code="e">aut</subfield>
    <subfield code="9">664762</subfield>
  </datafield>
  <datafield tag="245" ind1="1" ind2="3">
    <subfield code="a">El objetivo virtual de aprendizaje como herramienta pedag&#xF3;gica virtual en tatuadores, piercers y modificadores corporales</subfield>
  </datafield>
  <datafield tag="520" ind1="3" ind2=" ">
    <subfield code="a">Introducci&#xF3;n: La incursi&#xF3;n del instrumentador quir&#xFA;rgico profesional como l&#xED;der en los procesos de asepsia y antisepsia en diferentes contextos socioculturales como los tatuadores y modificadores corporales, se fundamenta en la ense&#xF1;anza y aprendizaje virtual basada en las TIC y el OVA. Objetivo: Hacer una reflexi&#xF3;n sobre los resultados de una investigaci&#xF3;n sobre el OVA como herramienta pedag&#xF3;gica virtual para el desarrollo de competencias en un grupo de tatuadores, piercers y modificadores corporales. Metodolog&#xED;a: Dicha reflexi&#xF3;n parti&#xF3; de la fase II: dise&#xF1;o de un programa de formaci&#xF3;n dirigido al personal de centros de tatuado de Bogot&#xE1;, promovidas por instrumentadores quir&#xFA;rgicos de la FUCS. Se incluyeron 36 art&#xED;culos y documentos, la b&#xFA;squeda se realiz&#xF3; en Scielo, Lilacs, OMS, OPS, PubMed y Google acad&#xE9;mico. Resultados: El OVA como herramienta pedag&#xF3;gica virtual para el desarrollo de competencias es una alternativa en los procesos de ense&#xF1;anza y aprendizaje que transciende y rompe con los paradigmas actuales de la educaci&#xF3;n; es una estrategia pedag&#xF3;gica basada en el desarrollo de competencias para tatuadores, piercers y modificadores corporales. Se muestra la incursi&#xF3;n del instrumentador quir&#xFA;rgico profesional en diferentes contextos. Conclusiones: El continuo desarrollo educativo ha llevado a la utilizaci&#xF3;n del OVA como herramienta pedag&#xF3;gica basada en competencias y representa un pilar fundamental para futuros desarrollos educativos.</subfield>
  </datafield>
  <datafield tag="650" ind1=" " ind2=" ">
    <subfield code="a">Aprendizaje virtual</subfield>
    <subfield code="9">38846</subfield>
  </datafield>
  <datafield tag="650" ind1=" " ind2=" ">
    <subfield code="a">Objetos de aprendizaje</subfield>
    <subfield code="9">207492</subfield>
  </datafield>
  <datafield tag="650" ind1=" " ind2=" ">
    <subfield code="a">Aprendizaje en l&#xED;nea</subfield>
    <subfield code="9">166847</subfield>
  </datafield>
  <datafield tag="650" ind1=" " ind2=" ">
    <subfield code="a">Educaci&#xF3;n basada en competencias</subfield>
    <subfield code="9">149299</subfield>
  </datafield>
  <datafield tag="650" ind1=" " ind2=" ">
    <subfield code="a">Instrumentador quir&#xFA;rgico</subfield>
    <subfield code="9">166731</subfield>
  </datafield>
  <datafield tag="650" ind1=" " ind2="7">
    <subfield code="a">Tatuajes</subfield>
    <subfield code="2">lemb</subfield>
    <subfield code="9">25913</subfield>
  </datafield>
  <datafield tag="650" ind1=" " ind2=" ">
    <subfield code="a">Piercing</subfield>
    <subfield code="9">95650</subfield>
  </datafield>
  <datafield tag="700" ind1="1" ind2="0">
    <subfield code="a">Castillo Jim&#xE9;nez, Paula Andrea</subfield>
    <subfield code="4">aut</subfield>
    <subfield code="e">aut</subfield>
    <subfield code="9">771275</subfield>
  </datafield>
  <datafield tag="700" ind1="1" ind2="0">
    <subfield code="a">Cuevas Monta&#xF1;o, Ana Milena</subfield>
    <subfield code="4">aut</subfield>
    <subfield code="e">aut</subfield>
    <subfield code="9">771806</subfield>
  </datafield>
  <datafield tag="700" ind1="1" ind2="0">
    <subfield code="a">Manrique Malag&#xF3;n, Diana Carolina</subfield>
    <subfield code="4">aut</subfield>
    <subfield code="e">aut</subfield>
    <subfield code="9">771807</subfield>
  </datafield>
  <datafield tag="773" ind1="0" ind2=" ">
    <subfield code="t">Repertorio de Medicina y Cirug&#xED;a (Bogot&#xE1;)</subfield>
    <subfield code="g">Volumen 26, N&#xFA;mero 03, Julio-Septiembre de 2017, 178-183</subfield>
    <subfield code="w">486162</subfield>
    <subfield code="x">0121-7372</subfield>
    <subfield code="0">127625</subfield>
  </datafield>
  <datafield tag="942" ind1=" " ind2=" ">
    <subfield code="c">ARIMP</subfield>
  </datafield>
  <datafield tag="999" ind1=" " ind2=" ">
    <subfield code="c">774136</subfield>
    <subfield code="d">774136</subfield>
  </datafield>
</record>
